HACCP : (Registro nro. 54118)
[ vista simple ]
| 000 -LEADER | |
|---|---|
| fixed length control field | 00828nam a2200205 a 4500 |
| 001 - CONTROL NUMBER | |
| control field | 54118 |
| 005 - DATE AND TIME OF LATEST TRANSACTION | |
| control field | 20180714044747.0 |
| 008 - FIXED-LENGTH DATA ELEMENTS--GENERAL INFORMATION | |
| fixed length control field | 140415s2009 000 0 spa d |
| 020 ## - INTERNATIONAL STANDARD BOOK NUMBER | |
| International Standard Book Number | 0834219328 |
| 041 ## - LANGUAGE CODE | |
| Language code of text/sound track or separate title | spa |
| 082 ## - DEWEY DECIMAL CLASSIFICATION NUMBER | |
| Classification number | 664.001579 |
| Item number | MOR |
| 100 1# - MAIN ENTRY--PERSONAL NAME | |
| Personal name | MORTIMORE, SARA |
| 245 10 - TITLE STATEMENT | |
| Title | HACCP : |
| Remainder of title | A PRACTICAL APPROACH |
| 250 ## - EDITION STATEMENT | |
| Edition statement | 1a ed. |
| 260 ## - PUBLICATION, DISTRIBUTION, ETC. | |
| Place of publication, distribution, etc. | [s.l.] : |
| Name of publisher, distributor, etc. | ASPEN PUBLISHERS, |
| Date of publication, distribution, etc. | 2009 |
| 300 ## - PHYSICAL DESCRIPTION | |
| Extent | 403 |
| Dimensions | 16.3 x 2.7 x 24 |
| 520 ## - SUMMARY, ETC. | |
| Summary, etc. | THE SUCCESSFUL FIRST EDITION OF HACCP: A PRACTICAL APPROACH HAS ESTABLISHED ISELF AS THE DEFINITIVE TEXT ON HACCP FOR THE FOOD INDUSTRY. IN AN EASY TO READ STYLE, IT GIVES A STEP-BY-STEP APPROACH TO DEVELOPING AN EFFECTIVE HACCP SYSTEM. |
| 650 14 - SUBJECT ADDED ENTRY--TOPICAL TERM | |
| Topical term or geographic name entry element | TECNOLOGIA DE ALIMENTOS |
| General subdivision | COMIDA |
| -- | MICROBIOLOGIA |
| -- | COMIDA |
| -- | MEDIDAS DE SEGURIDAD |
| 700 1# - ADDED ENTRY--PERSONAL NAME | |
| Personal name | WALLACE, CAROL |
| Relator term | coaut. |
| Withdrawn status | Lost status | Source of classification or shelving scheme | Damaged status | Not for loan | Collection code | Home library | Current library | Shelving location | Date acquired | Source of acquisition | Inventory number | Total Checkouts | Full call number | Barcode | Date last seen | Date last checked out | Price effective from | Koha item type |
|---|---|---|---|---|---|---|---|---|---|---|---|---|---|---|---|---|---|---|
| Dewey Decimal Classification | General | Biblioteca Karol Wojtyla | Biblioteca Karol Wojtyla | Sala general | 03/12/2013 | Compra | 151000000000000000030889 | 664.001579 MOR | 80491 | 05/01/2026 | 03/11/2014 | 03/12/2013 | Libro | |||||
| Dewey Decimal Classification | General | Biblioteca Karol Wojtyla | Biblioteca Karol Wojtyla | Sala general | 03/12/2013 | Compra | 151000000000000000030888 | 664.001579 MOR | 80490 | 05/01/2026 | 03/12/2013 | Libro |